00514nam a2200133Ia 45000010005000000080041000050200022000460820020000681000023000882450205001112600021003169010028003379990015003652703241024s9999 xx 000 0 und d a978-9945-074-76-5 aRD/972.93/H565a aCésar A. Herrera 0aAnexión-Restauración. Relato de su historia rigurosamente documentado para estimular el patriotismo de la juventud. Escrito en ocasión de conmemorse el primer Centenarip del 16 de Agosto de 1863 bEd. Búhoc2012 a28/12/2012 7:42:29 a.m. c7596d7596